000 02326cam a22003618a 4500
001 5540279
003 OSt
005 20160229135413.0
008 051021s2006 paua b 001 0 eng
015 _aGBA592871
_2bnb
016 7 _a013326630
_2Uk
020 _a1416023135 (pbk.)
035 _a(OCoLC)ocm62225732
035 _a(NNC)5540279
040 _aUKM
_cUKM
_dOCLCQ
_dNNC-M
_dOrLoB-B
050 _aRT82
_b.N874
082 0 4 _a610.73069
_222
100 1 _aZerwekh, JoAnn Graham.
245 1 0 _aNursing today /
_cJoAnn Zerwekh and Jo Carol Claborn.
250 _a5th ed.
260 _aPhiladelphia, Pa. ;
_aEdinburgh :
_bElsevier Saunders,
_c2006.
300 _axxix, 653 p. :
_bill. (some col.) ;
_c24 cm.
500 _aPrevious ed.: Philadelphia, Pa.; London: W.B. Saunders, 2003.
501 _aIncludes bibliographical references and index.
505 0 0 _g1.
_tReality shock --
_g2.
_tSelf-care strategies --
_g3.
_tEmployment considerations : opportunities, resumes, and interviewing --
_g4.
_tMentoring and preceptorship --
_g5.
_tNCLEK-RN and the new graduate --
_g6.
_tHistorical perspectives : influences of the past --
_g7.
_tNursing education --
_g8.
_tNursing theory --
_g9.
_tImage of nursing : influences of the present --
_g10.
_tChallenges of nursing management --
_g11.
_tEffective communication and team building --
_g12.
_tConflict management --
_g13.
_tTime management --
_g14.
_tDelegation in the clinical setting --
_g15.
_tThe health care organization and patterns of nursing care delivery --
_g16.
_tEconomics of the health care delivery system --
_g17.
_tPolitical action in nursing --
_g18.
_tCollective bargaining : traditional and non-traditional approaches --
_g19.
_tEthical issues --
_g20.
_tLegal issues --
_g21.
_tCultural and spiritual awareness --
_g22.
_tQuality patient care --
_g23.
_tNursing informatics --
_g24.
_tUsing nursing research in practice --
_g25.
_tWorkplace issues --
_gApp. A.
_tBoards of nursing --
_gApp. B.
_tNational nursing organizations --
_gApp. C.
_tAmerican Nurses Association constituent member associations --
_gApp. D.
_tCanadian nursing organizations.
650 0 _aNursing
_xVocational guidance.
650 0 _aNursing
_xSocial aspects.
650 1 2 _aNursing.
650 2 2 _aVocational Guidance.
700 1 _aClaborn, Jo Carol.
900 _bTOC
942 _2lcc
_cGEN
999 _c11618
_d11618